00498nam a2200169Ia 4500003000400000008004100004040001600045082001700061100001900078245007300097260005100170300001000221650002300231650002000254650002200274650003200296GCL140319s9999 xx 000 0 eng d aGCL / cGCL04a374.942bV L1 aVINCENT, DAVID10aLITERACY AND POPULAR CULTURE: ENGLAND 1750 - 1914 / cVINCENT, DAVID a[S.N] : bCAMBRIDGE UNIVERSITY PRESS ، c1993 a362 P04aLITERACY - ENGLAND04aREADING ENGLISH04aREADING - ENGLAND04aEDUCATION - ENGLAND HISTORY